[Event "Cto de Aragon  Equipos Cat Preferente"]
[Site "Aragon"]
[Date "2010.03.06"]
[Round "7.14"]
[White "Forcen Esteban Daniel"]
[Black "Gimenez Martinez Alberto"]
[Result "1/2-1/2"]
[WhiteElo "2088"]
[BlackElo "2267"]

1.e4 c5 2.Nc3 d6 3.Nf3 Nf6 4.d4 cxd4 5.Nxd4 a6 6.h3 h5 7.Bg5 e6 8.f4 Qc7 9.Be2
Be7 10.O-O Nbd7 11.Bf3 Rb8 12.Kh1 b5 13.e5 dxe5 14.Nc6 Rb6 15.fxe5 Rxc6 16.
Bxc6 Qxc6 17.exf6 gxf6 18.Be3 Bb7 19.Rg1 Ne5 20.Qe2 Ng4 21.Bf4 e5 22.Rae1 Qe6
23.Bh2 Bc5 24.Rgf1 Ne3 25.Rf3 Rg8 26.Rg1 Bxf3 27.Qxf3 Ke7 28.Re1 Nf5 29.Nd5+
Kd6 30.Nxf6 Qxf6 31.Bxe5+ Qxe5 32.Rxe5 Kxe5 33.g4 hxg4 34.Qc3+ Bd4 35.Qc7+ Ke4
36.hxg4 Rxg4 37.Qxf7 Bxb2 38.Qb7+ Kf4 39.Qxa6 Bd4 40.Qxb5 Ng3+ 41.Kh2 Ne4 42.
Qc4 Rh4+ 43.Kg2 Rg4+ 44.Kh2 Bg1+ 45.Kh3 Rg3+ 46.Kh4 Bf2 47.Kh5 Rg5+ 48.Kh6 Be3
1/2-1/2

[Event "Cto de Aragon  Equipos Cat Preferente"]
[Site "Aragon"]
[Date "2010.03.06"]
[Round "7.15"]
[White "Quintin Navarro Alberto"]
[Black "Antolin Concha Diego"]
[Result "0-1"]
[WhiteElo "2047"]
[BlackElo "2191"]

1.e4 c5 2.Nf3 d6 3.d4 Nf6 4.Nc3 cxd4 5.Nxd4 a6 6.Bc4 e6 7.Bg5 b5 8.Bb3 Nbd7 9.
Qe2 Nc5 10.O-O-O Qc7 11.Bd5 Bb7 12.Bxb7 Qxb7 13.Bxf6 gxf6 14.b4 Nd7 15.Qh5 Rc8
16.Rd3 Ne5 17.Rg3 Rc4 18.Nxe6 Qc8 19.Nxf8 Rxc3 20.Nxh7 Rxc2+ 21.Kb1 Ke7 22.Rb3
Qc4 23.Qh3 Rxh7 24.Qxh7 Nd3 0-1

[Event "Cto de Aragon  Equipos Cat Preferente"]
[Site "Aragon"]
[Date "2010.03.06"]
[Round "7.16"]
[White "Glaria Murillo Christian"]
[Black "Arregui Untoria Carlos"]
[Result "0-1"]
[WhiteElo "2039"]
[BlackElo "2181"]

1.e4 c5 2.Nc3 e6 3.f4 d5 4.Nf3 d4 5.Ne2 Nf6 6.d3 Nc6 7.h3 h5 8.g3 Qc7 9.Bg2 e5
10.f5 b6 11.O-O Bb7 12.a3 Bd6 13.Rb1 c4 14.Nd2 cxd3 15.cxd3 a5 16.Nf3 Rc8 17.
Bg5 Nb8 18.Rc1 Qd7 19.Rxc8+ Qxc8 20.Qb3 Nbd7 21.Rc1 Qa8 22.Ne1 O-O 23.Qc2 Rc8
24.Qd1 Rxc1 25.Nxc1 Qc8 26.Bf3 Ba6 27.Bxh5 b5 28.Bf3 b4 29.a4 Bf8 30.b3 Qc3
31.Bd2 Qb2 32.Qc2 Qxc2 33.Nxc2 Nc5 34.Ne1 Nfd7 35.g4 Nb6 36.Bd1 Bb7 37.Nf3 f6
38.Bc2 Bc6 39.Kf2 Bd6 40.Ke2 Nbxa4 41.bxa4 Nxa4 42.Nb3 Bc7 43.Bc1 Nc3+ 44.Ke1
a4 45.Nbd2 Bb5 46.Nc4 Bxc4 47.dxc4 b3 48.Bd3 Ba5 49.Nd2 Bb4 {blancas pierden por tiempo}
0-1

[Event "Cto de Aragon  Equipos Cat Preferente"]
[Site "Aragon"]
[Date "2010.03.06"]
[Round "7.17"]
[White "Gavin Roche Enrique"]
[Black "Guzman Moneo Alberto"]
[Result "0-1"]
[WhiteElo "2261"]
[BlackElo "2215"]

1.d4 g6 2.c4 Bg7 3.Nc3 d6 4.e4 a6 5.Be2 Nc6 6.d5 Nd4 7.Be3 Nxe2 8.Ngxe2 c5 9.
Qd2 Qa5 10.O-O b5 11.f4 Nf6 12.e5 Ng4 13.h3 Nxe3 14.Qxe3 O-O 15.Ng3 Qb4 16.a4
Qxc4 17.axb5 Qd4 18.Rfe1 dxe5 19.fxe5 Bxe5 20.Qxd4 Bxd4+ 21.Kh2 e5 22.dxe6
Bxe6 23.bxa6 Rfb8 24.Nge2 Be5+ 25.Kh1 Rb6 26.Ra5 Raxa6 27.Rxc5 Bd6 28.Rb5 Bc4
29.Rxb6 Rxb6 30.Rd1 Bc5 31.Rd2 h5 32.Nd4 Bd6 33.Rc2 Ra6 34.Nce2 Bxe2 35.Nxe2
Ra1+ 36.Ng1 Bg3 0-1

[Event "Cto de Aragon  Equipos Cat Preferente"]
[Site "Aragon"]
[Date "2010.03.06"]
[Round "7.18"]
[White "Cerrajeria Ruiz Jesus Maria"]
[Black "Lopez Guaita Fernando"]
[Result "1-0"]
[WhiteElo "2100"]
[BlackElo "2026"]

1.g3 g6 2.Bg2 Bg7 3.c4 Nf6 4.Nc3 e5 5.Nf3 d6 6.d4 Nbd7 7.O-O O-O 8.b3 Re8 9.
Qd2 h6 10.Rd1 e4 11.Ne1 Nf8 12.d5 Ng4 13.Nc2 Qf6 14.Nxe4 Rxe4 15.f3 Re8 16.
fxg4 Bxg4 17.Bf1 Qc3 18.Nd4 Qxa1 19.Bb2 Qxa2 20.Ra1 Qxa1 21.Bxa1 Nd7 22.h3 Bf5
23.g4 Be4 24.Bb2 a6 25.b4 Re7 26.Nb3 Ne5 27.Qd1 f5 28.Nd2 Nxg4 29.Bxg7 Ne3 30.
Qc1 Rxg7 31.Nxe4 Nxf1 32.Nf6+ Kf7 33.Kxf1 Kxf6 34.Qxh6 Re8 35.h4 Re4 36.Qg5+
Ke5 37.h5 Rg4 38.Qe3+ Re4 39.Qc3+ 1-0

[Event "Cto de Aragon  Equipos Cat Preferente"]
[Site "Aragon"]
[Date "2010.03.06"]
[Round "7.19"]
[White "Ferrer Echavarri Francisco Javier"]
[Black "Montes Santos Lorenzo"]
[Result "1/2-1/2"]
[WhiteElo "1972"]
[BlackElo "2069"]

1.d4 g6 2.c4 Bg7 3.Nc3 Nf6 4.e4 d6 5.Be2 a6 6.Nf3 O-O 7.O-O c6 8.Bg5 Bg4 9.h3
Bxf3 10.Bxf3 Nbd7 11.Be2 e5 12.d5 c5 13.Qd2 Qa5 14.a3 Rab8 15.Bh6 Qd8 16.Bxg7
Kxg7 17.Qe3 h6 18.g4 Nh7 19.Qg3 Qg5 20.h4 Qf4 21.Kg2 Kh8 22.Qxf4 exf4 23.f3
Kg7 24.b3 Kf6 25.Bd3 Ke5 26.Rad1 Nhf6 27.a4 Ne8 28.Bc2 Nc7 29.Bd3 b6 30.Kf2
Nf6 31.Rh1 Ng8 32.h5 g5 33.Rd2 Ne7 34.Re1 Nc8 35.Ra1 Na7 36.Be2 Rb7 37.Bd3
Rfb8 38.Rda2 Nc8 39.Ke2 Ne7 40.Kd2 Ng8 41.Ke2 Nf6 42.Rh1 Nd7 43.Rha1 Re8 44.
Kd2 Rbb8 45.Re1 Re7 46.Kd1 Kd4 47.Kd2 Ke5 48.Kd1 Ne8 49.Kd2 Kf6 50.Be2 Ne5 51.
a5 bxa5 52.Rb1 Reb7 53.Kc2 Nc7 54.Rxa5 Nd7 55.Bd3 Ke5 56.Ne2 Rb4 57.Kc3 R4b6
1/2-1/2

[Event "Cto de Aragon  Equipos Cat Preferente"]
[Site "Aragon"]
[Date "2010.03.06"]
[Round "7.20"]
[White "Matamoros Villarreal Antonio"]
[Black "Navarro Sancho Rafael"]
[Result "0-1"]
[WhiteElo "1971"]
[BlackElo "1876"]

1.e4 c5 2.Nc3 Nc6 3.Bc4 Nf6 4.f4 d6 5.Nf3 a6 6.Bb3 e6 7.O-O Be7 8.d3 O-O 9.Qe1
b5 10.Be3 Rb8 11.Nd1 Ng4 12.Kh1 Nxe3 13.Nxe3 a5 14.c3 b4 15.Qg3 bxc3 16.bxc3
Qc7 17.d4 Qa7 18.d5 c4 19.Nxc4 exd5 20.exd5 Nd8 21.Ng5 Bxg5 22.fxg5 a4 23.Bc2
Ba6 24.Rf4 Bxc4 25.Rxc4 Rb2 26.Qd3 g6 27.Rxa4 Qf2 28.Rc1 Re8 29.Re4 Rxe4 30.
Qxe4 Nb7 31.Qe8+ Kg7 32.Be4 Re2 33.Rg1 Re1 0-1

[Event "Cto de Aragon  Equipos Cat Preferente"]
[Site "Aragon"]
[Date "2010.03.06"]
[Round "7.21"]
[White "Llanes Luno Ricardo"]
[Black "Gil Capape MA"]
[Result "1-0"]
[WhiteElo "2224"]
[BlackElo "2155"]

1.e4 e6 2.d4 d5 3.Nc3 dxe4 4.Nxe4 Qd5 5.Nc3 Bb4 6.Nf3 Bd7 7.Bd3 Bb5 8.O-O Bxc3
9.bxc3 Bxd3 10.Qxd3 Nd7 11.c4 Qh5 12.Rb1 Rd8 13.Qa3 b6 14.Qxa7 Ne7 15.Qxc7 Rc8
16.Qb7 Rxc4 17.Ba3 Qd5 18.Rxb6 Rxc2 19.Ne5 Nc8 20.Rc6 Rxc6 21.Nxc6 Ndb6 22.Rb1
Qxa2 23.Rxb6 f5 24.Qxc8+ Kf7 25.Ne5+ Kf6 26.Qc1 Ra8 27.Rb7 1-0

[Event "Cto de Aragon  Equipos Cat Preferente"]
[Site "Aragon"]
[Date "2010.03.06"]
[Round "7.22"]
[White "Vera Aranjuelo Jesus Maria"]
[Black "Naya Sancho Jose Ignacio"]
[Result "1/2-1/2"]
[WhiteElo "2111"]
[BlackElo "2069"]

1.d4 Nf6 2.Nf3 g6 3.Bf4 Bg7 4.e3 O-O 5.Be2 d6 6.h3 c5 7.c3 b6 8.O-O Ba6 9.Nbd2
Bxe2 10.Qxe2 Nc6 11.a4 Qd7 12.Nb3 Rfc8 13.Bh2 Ne4 14.Rfd1 c4 15.Nbd2 Nxd2 16.
Nxd2 Na5 17.e4 Bh6 18.f4 a6 19.Kh1 b5 20.axb5 axb5 21.Rab1 Qb7 22.Rf1 b4 23.f5
Bxd2 24.Qxd2 bxc3 25.bxc3 Qxe4 26.Rbe1 Qh4 27.Rf4 Nb3 28.Qe2 Qxe1+ 29.Qxe1 Ra1
30.Qxa1 Nxa1 31.f6 Kf8 32.Re4 exf6 33.Bxd6+ Kg7 34.Be7 f5 35.Re2 Rb8 36.d5
Rb1+ 37.Kh2 Rd1 38.d6 Nb3 39.Ra2 Nc5 40.Ra5 Ne4 41.Ra4 f4 42.Rxc4 Nxd6 43.Rxf4
Nf5 44.Bb4 Rb1 45.Bc5 h5 46.g4 Rb2+ 47.Kg1 hxg4 48.hxg4 1/2-1/2

[Event "Cto de Aragon  Equipos Cat Preferente"]
[Site "Aragon"]
[Date "2010.03.06"]
[Round "7.23"]
[White "Roche Simon Miguel Angel"]
[Black "Alonso Fernandez Revuelta Rodri"]
[Result "1/2-1/2"]
[WhiteElo "2052"]
[BlackElo "2088"]

1.e4 c5 2.Nf3 Nc6 3.d4 cxd4 4.Nxd4 g6 5.Nc3 Bg7 6.Be3 d6 7.Bc4 Nf6 8.f3 Qb6 9.
Bb5 O-O 10.Nf5 Qc7 11.Nxg7 Kxg7 12.Qd2 Rd8 13.O-O-O Be6 14.Nd5 Bxd5 15.exd5
Ne5 16.Bd4 Rac8 17.Kb1 a6 18.Bd3 Nxd3 19.Qxd3 Qc4 20.Rhe1 Qxd3 21.Rxd3 Kf8 22.
Bb6 Re8 23.b3 Nd7 24.Bf2 b5 25.Kb2 Rc7 26.c3 a5 27.h4 h5 28.Bd4 a4 29.g4 axb3
30.axb3 e5 31.dxe6 Rxe6 32.Rxe6 fxe6 33.gxh5 gxh5 34.f4 e5 35.fxe5 dxe5 36.Be3
Ke7 37.Rd1 Nf6 38.Bg5 Ke6 39.Bxf6 Kxf6 40.Rf1+ Ke6 41.Rg1 Rf7 42.Rg6+ Rf6 43.
Rxf6+ Kxf6 44.c4 bxc4 45.bxc4 e4 46.Kc3 Ke5 47.c5 Kd5 48.c6 Kxc6 49.Kd4 Kd6
50.Kxe4 Ke6 51.Kf4 Kf6 1/2-1/2

[Event "Cto de Aragon  Equipos Cat Preferente"]
[Site "Aragon"]
[Date "2010.03.06"]
[Round "7.24"]
[White "Galvez Perez Jose Luis"]
[Black "Egido Fernandez Fernando"]
[Result "1-0"]
[WhiteElo "2005"]
[BlackElo "2007"]

1.e4 d6 2.d4 Nf6 3.Nc3 g6 4.Be3 c6 5.h3 Nbd7 6.Nf3 Qa5 7.Qd2 a6 8.a3 e5 9.b4
Qc7 10.dxe5 dxe5 11.Bc4 b5 12.Bb3 Bg7 13.O-O O-O 14.Bh6 a5 15.Bxg7 Kxg7 16.
Rad1 axb4 17.axb4 Ne8 18.Ng5 Nb6 19.Qe3 Rb8 20.f4 h6 21.Nf3 exf4 22.Qd4+ Kh7
23.Qc5 Nd7 24.Rxd7 Bxd7 25.Qxf8 Nd6 26.Qe7 Re8 27.Qf6 Be6 28.Bxe6 Rxe6 29.Qd4
Qe7 30.Nd2 g5 31.Ra1 Rg6 32.Ra8 Rg7 33.e5 Ne8 34.Nce4 1-0

[Event "Cto de Aragon  Equipos Cat Preferente"]
[Site "Aragon"]
[Date "2010.03.06"]
[Round "7.25"]
[White "Carruez Berges Fernando"]
[Black "Chueca Forcen Alberto"]
[Result "0-1"]
[WhiteElo "2165"]
[BlackElo "2276"]

1.c4 e5 2.Nc3 Nc6 3.g3 g6 4.Bg2 Bg7 5.e4 d6 6.Nge2 Nge7 7.O-O Be6 8.Nd5 O-O 9.
d3 Qd7 10.f4 f5 11.Be3 Nd4 12.Qd2 Nxe2+ 13.Qxe2 fxe4 14.dxe4 exf4 15.gxf4 Rae8
16.Rf2 Nxd5 17.cxd5 Bh3 18.Bf3 Rf7 19.Kh1 Bh6 20.Qd2 Ref8 21.e5 dxe5 22.fxe5
Rxf3 23.Rxf3 Rxf3 24.Bxh6 Qf5 25.Rg1 Qe4 0-1

[Event "Cto de Aragon  Equipos Cat Preferente"]
[Site "Aragon"]
[Date "2010.03.06"]
[Round "7.26"]
[White "Melendez Fierro Juan Bautista"]
[Black "Carruez Berges Santiago"]
[Result "0-1"]
[WhiteElo "2241"]
[BlackElo "2120"]

1.e4 g6 2.d4 Bg7 3.Nc3 c6 4.Nf3 d6 5.h3 Nf6 6.Be2 O-O 7.O-O Qc7 8.a4 e5 9.Be3
exd4 10.Nxd4 Re8 11.Bd3 Nbd7 12.Nb3 Ne5 13.Qd2 Be6 14.Nd4 Bc4 15.f4 Nxd3 16.
cxd3 Ba6 17.b4 b6 18.b5 cxb5 19.axb5 Bb7 20.Ra3 a6 21.bxa6 Rxa6 22.Ncb5 Qe7
23.Rxa6 Bxa6 24.Rc1 Bxb5 25.Nxb5 Qd7 26.Nc7 Rb8 27.Qb4 b5 28.Nd5 Nxd5 29.exd5
Qe7 30.Bf2 Qf6 31.Rc6 Bf8 32.Kh2 Qf5 33.Qe4 b4 34.Bd4 Rb5 35.Bb2 Qxd5 36.Qe8
Qe6 37.Qa8 Rc5 38.Rb6 Rc8 39.Qa6 Qf5 40.Rxb4 d5 41.Rb5 Qxf4+ 42.Kh1 Rd8 43.Qf6
Qxf6 44.Bxf6 Rd6 45.Bd4 f5 46.Rb7 Rc6 47.Rb8 Kf7 48.Rd8 Bd6 49.g4 f4 50.Kg2
Ke6 51.Re8+ Be7 52.Rh8 Bf6 53.Bxf6 Kxf6 54.Rxh7 Rc3 55.h4 Rxd3 56.h5 g5 57.
Rh6+ Ke5 58.Rg6 Rg3+ 59.Kf2 Rxg4 60.h6 Kf5 61.Rd6 Rh4 62.Rxd5+ Kg6 63.Rd6+ Kh7
64.Kf3 Rxh6 65.Rd8 Rh4 66.Rd6 Kg7 67.Ra6 Kf7 68.Rb6 Ke7 69.Rg6 Rh3+ 70.Kf2 Rg3
71.Ra6 Kf7 72.Rb6 Re3 73.Ra6 Re6 74.Ra5 Kf6 75.Rb5 Re5 0-1

[Event "Cto de Aragon  Equipos Cat Preferente"]
[Site "Aragon"]
[Date "2010.03.06"]
[Round "7.27"]
[White "Tirapo Larcuen Ana"]
[Black "Palacios Latasa Elias"]
[Result "0-1"]
[WhiteElo "1887"]
[BlackElo "2205"]

1.g3 Nf6 2.Bg2 g6 3.Nf3 Bg7 4.d3 d5 5.Nbd2 Nc6 6.e4 e5 7.O-O O-O 8.Re1 dxe4 9.
dxe4 h6 10.Qe2 Bg4 11.c3 Qd7 12.Nc4 Rad8 13.Qc2 Rfe8 14.Ne3 Bh3 15.Rd1 Qc8 16.
b4 Rxd1+ 17.Nxd1 Bxg2 18.Kxg2 Qg4 19.b5 Nd8 20.Nd2 Qe2 21.Qa4 Ne6 22.Ne3 Nc5
23.Qd1 Qxb5 24.Rb1 Qd3 25.Ba3 Nfxe4 26.Nxe4 Qxe4+ 27.Kg1 Nd3 0-1

[Event "Cto de Aragon  Equipos Cat Preferente"]
[Site "Aragon"]
[Date "2010.03.06"]
[Round "7.28"]
[White "Hernando Garcia Antonio"]
[Black "Larrosa Moles Marcos"]
[Result "1-0"]
[WhiteElo "2203"]
[BlackElo "1873"]

1.c4 d6 2.g3 Nf6 3.Bg2 e5 4.Nc3 c6 5.d3 Be6 6.Nf3 Be7 7.Rb1 Qc7 8.b4 d5 9.cxd5
Nxd5 10.Nxd5 cxd5 11.Ng5 Nc6 12.Nxe6 fxe6 13.Bd2 O-O 14.b5 Nd4 15.O-O Qb6 16.
e3 Nf5 17.Qb3 Rad8 18.a4 a5 19.bxa6 Qxa6 20.Qb5 Qa8 21.a5 Nd6 22.Qb6 Rd7 23.
Bh3 Rf6 24.Bc3 Bd8 25.Qb2 Rh6 26.Bg4 Rg6 27.h3 Nf7 28.Bxe5 Qxa5 29.Bc3 Qc7 30.
Rfc1 Qd6 31.Kg2 Nh6 32.Be5 Qe7 33.Be2 Nf5 34.Qb5 Bc7 35.Bxc7 Rxc7 36.Rxc7 Qxc7
37.Qe8# 1-0

[Event "Cto de Aragon  Equipos Cat Preferente"]
[Site "Aragon"]
[Date "2010.03.06"]
[Round "7.29"]
[White "Lasanta Rica Cesar"]
[Black "Sierra Aguerri Joaquin"]
[Result "1-0"]
[WhiteElo "2296"]
[BlackElo "2014"]

1.c4 Nf6 2.Nc3 d5 3.cxd5 Nxd5 4.Nf3 g6 5.d4 Bg7 6.e4 Nxc3 7.bxc3 O-O 8.Be2 c5
9.O-O Nc6 10.Be3 Bg4 11.d5 Na5 12.Bxc5 Bxc3 13.Rc1 Bg7 14.Re1 b6 15.Bb4 Nb7
16.e5 Qd7 17.h3 Bf5 18.Nd4 Bh6 19.Bb5 Qxd5 20.Nxf5 Qxb5 21.Nxh6+ Kg7 22.Bxe7
f5 23.Bxf8+ 1-0

[Event "Cto de Aragon  Equipos Cat Preferente"]
[Site "Aragon"]
[Date "2010.03.06"]
[Round "7.30"]
[White "Vera Jimenez Andres"]
[Black "Garcia Ramon Ricardo"]
[Result "1/2-1/2"]
[WhiteElo "2005"]
[BlackElo "2084"]

1.d4 Nf6 2.Nf3 e6 3.Bg5 Be7 4.e3 d5 5.Nbd2 Nbd7 6.Bd3 c5 7.c3 O-O 8.O-O b6 9.
Re1 Bb7 10.Qe2 Ne4 11.Bxe7 Qxe7 12.Rad1 f5 13.Ne5 Nxe5 14.dxe5 Rad8 15.f3 Nxd2
16.Rxd2 f4 17.exf4 Rxf4 18.g3 Rff8 19.f4 g6 20.Qg4 Kg7 21.h4 d4 22.c4 Qe8 23.
h5 Qc6 24.Be4 Qd7 25.Bxb7 Qxb7 26.Qxe6 Qf3 27.Qe7+ Kg8 28.h6 Qxg3+ 29.Rg2
Qxe1+ 30.Kh2 Rd7 31.Qxd7 Qh4+ 32.Kg1 Qe1+ 33.Kh2 Qh4+ 34.Kg1 Qe1+ 35.Kh2
1/2-1/2

[Event "Cto de Aragon  Equipos Cat Preferente"]
[Site "Aragon"]
[Date "2010.03.06"]
[Round "7.31"]
[White "Jimenez Fernandez Alejandro"]
[Black "Fernandez Rubio Rafael"]
[Result "1-0"]
[WhiteElo "2003"]
[BlackElo "1958"]

1.d4 Nf6 2.Nf3 g6 3.c4 Bg7 4.Nc3 O-O 5.e4 d6 6.Be2 e5 7.Be3 Nc6 8.d5 Ne7 9.Nd2
Nd7 10.b4 f5 11.f3 c6 12.dxc6 Nxc6 13.Rb1 Bh6 14.Bf2 Nf6 15.O-O Be6 16.Re1 Nh5
17.Nf1 Nf4 18.Ng3 Nh3+ 19.gxh3 f4 20.Kg2 Qh4 21.Nf5 Qg5+ 22.Kh1 Kh8 23.h4 Qh5
24.Nxh6 Qxh6 25.b5 Nd4 26.Bxd4 exd4 27.Qxd4+ Kg8 28.Qxd6 Rfe8 29.Nd5 Rad8 30.
Qxf4 1-0

[Event "Cto de Aragon  Equipos Cat Preferente"]
[Site "Aragon"]
[Date "2010.03.06"]
[Round "7.32"]
[White "Sancho Casale Jesus"]
[Black "Aguilar Munoz Victor"]
[Result "1-0"]
[WhiteElo "1950"]
[BlackElo "1895"]

1.d4 d5 2.c4 e6 3.Nc3 c6 4.e4 dxe4 5.Nxe4 Bb4+ 6.Bd2 Bxd2+ 7.Qxd2 Nf6 8.Ng5
Nbd7 9.N1f3 Qe7 10.Ne5 O-O 11.Bd3 c5 12.Nxd7 Bxd7 13.dxc5 Qxc5 14.O-O Bc6 15.
b4 Qe7 16.b5 Bd7 17.Qf4 Rac8 18.Qh4 h6 19.Ne4 Rfe8 20.Nxf6+ Qxf6 21.Qe4 Qf5
22.Qd4 Qf6 23.Qxa7 Rcd8 24.Qxb7 Bc8 25.Qe4 Rd4 26.Qe3 Bb7 27.Rfd1 Red8 28.Be2
Rxd1+ 29.Rxd1 Rxd1+ 30.Bxd1 Qb2 31.Qe2 Qc1 32.f3 Qa1 33.Qd2 Qe5 34.Be2 Qc5+
35.Kf1 Qc7 36.g3 h5 37.Kf2 g6 38.Qe3 Kf8 39.c5 Bd5 40.a4 1-0

[Event "Cto de Aragon  Equipos Cat Preferente"]
[Site "Aragon"]
[Date "2010.03.06"]
[Round "7.33"]
[White "Veras Sanz Martin Marino"]
[Black "Aparicio Navarro Pedro Jose"]
[Result "1/2-1/2"]
[WhiteElo "2080"]
[BlackElo "2203"]

1.Nf3 c5 2.g3 Nf6 3.Bg2 g6 4.O-O Bg7 5.c4 O-O 6.d4 cxd4 7.Nxd4 d5 8.cxd5 Nxd5
9.Nc3 Nxc3 10.bxc3 a6 11.e4 Qc7 12.Qb3 e5 13.Ba3 exd4 14.Bxf8 Be6 15.Qd1 Kxf8
16.cxd4 Qd7 17.e5 Bd5 18.Rb1 Nc6 19.Rxb7 Qxb7 20.Bxd5 Qd7 21.Qf3 Rc8 22.Rc1
Na7 23.Rxc8+ Nxc8 24.e6 Qe7 25.Qf4 Nd6 26.exf7 Qf6 27.Qd2 Qxd4 28.Qa5 Bf6 29.
h4 Nxf7 30.Bxf7 Kxf7 31.Qxa6 Qd1+ 32.Kg2 Qd5+ 33.Kg1 Bd4 34.Qe2 1/2-1/2

[Event "Cto de Aragon  Equipos Cat Preferente"]
[Site "Aragon"]
[Date "2010.03.06"]
[Round "7.35"]
[White "Galve Guinea Alejandro"]
[Black "Munoz Munoz Juan Carlos"]
[Result "1/2-1/2"]
[WhiteElo "1977"]
[BlackElo "2129"]

1.d4 g6 2.c4 Bg7 3.Nc3 d6 4.e4 Nd7 5.Nf3 e5 6.Be2 Ngf6 7.O-O O-O 8.d5 Nc5 9.
Qc2 a5 10.Bg5 h6 11.Bh4 g5 12.Bg3 Nh5 13.Nd2 Nf4 14.Rfe1 f5 15.exf5 Bxf5 16.
Nde4 g4 17.Bd1 h5 18.f3 Nfd3 19.Re3 h4 20.Be1 Nb4 21.Qf2 Bh6 22.Re2 g3 23.hxg3
Nbd3 24.Qf1 Nxe1 25.Rxe1 hxg3 26.Nxg3 Bd3 27.Qf2 Bxc4 28.Nge4 Nxe4 29.Rxe4 Rf4
30.Bc2 Qg5 31.Rxf4 Qxf4 32.Re1 Qd2 33.Re4 Qc1+ 34.Re1 1/2-1/2

[Event "Cto de Aragon  Equipos Cat Preferente"]
[Site "Aragon"]
[Date "2010.03.06"]
[Round "7.36"]
[White "Sanchez Moreno Jose Carlos"]
[Black "Requena Munguira Jorge"]
[Result "0-1"]
[WhiteElo "2001"]
[BlackElo "1900"]

1.c4 e6 2.g3 Nf6 3.Bg2 d5 4.b3 c5 5.Nf3 Nc6 6.O-O d4 7.d3 Be7 8.Na3 e5 9.h3
O-O 10.Nc2 Bd6 11.Ng5 h6 12.Ne4 Nxe4 13.dxe4 Qc7 14.e3 f5 15.b4 fxe4 16.exd4
exd4 17.bxc5 Be5 18.f4 exf3 19.Rxf3 Rxf3 20.Qxf3 d3 21.Qd5+ Kh8 22.Ne3 Bxa1
23.Qh5 Qxg3 24.Qe8+ Kh7 25.Kf1 Qf4+ 26.Kg1 Ne5 27.Nf1 Qf7 28.Qd8 Qg6 29.Kh2
Bxh3 0-1

[Event "Cto de Aragon  Equipos Cat Preferente"]
[Site "Aragon"]
[Date "2010.03.06"]
[Round "7.37"]
[White "Malo Guillen Jose Luis"]
[Black "Burillo Rodriguez Carlos"]
[Result "1-0"]
[WhiteElo "2162"]
[BlackElo "2120"]

1.c4 Nf6 2.Nf3 c5 3.Nc3 Nc6 4.d4 cxd4 5.Nxd4 g6 6.e4 d6 7.Be2 Bg7 8.Be3 a6 9.
O-O h5 10.h3 Bd7 11.f4 Qc8 12.Nxc6 Bxc6 13.Bf3 b5 14.c5 dxc5 15.Bxc5 Qc7 16.
Rc1 Rd8 17.Nd5 Bxd5 18.exd5 O-O 19.f5 gxf5 20.Re1 Rfe8 21.Qd3 Qd7 22.Red1 Ne4
23.Bxe4 fxe4 24.Qxe4 Bxb2 25.Rd3 f5 26.Rg3+ Kf7 27.Qe2 Bf6 28.Qxh5+ Kf8 29.
Qh6+ 1-0

[Event "Cto de Aragon  Equipos Cat Preferente"]
[Site "Aragon"]
[Date "2010.03.06"]
[Round "7.38"]
[White "De la Riva Fernandez Eduardo"]
[Black "Alonso Blasco Jose Miguel"]
[Result "1/2-1/2"]
[WhiteElo "1997"]
[BlackElo "2114"]

1.e4 c6 2.d4 d5 3.e5 Bf5 4.Nc3 e6 5.g4 Bg6 6.h4 h5 7.g5 Bb4 8.Bd3 Ne7 9.Ne2
Qa5 10.Bxg6 Bxc3+ 11.bxc3 Nxg6 12.Qd3 Nd7 13.f4 Ne7 14.Ng3 g6 15.O-O c5 16.a4
c4 17.Qf3 Nf5 18.Nxf5 gxf5 19.Ba3 Qxa4 20.Rfb1 Qc6 21.Kh2 b6 22.Rg1 a5 23.g6
fxg6 24.Rxg6 O-O-O 25.Rag1 Rde8 26.Rg7 Qa4 27.Bd6 Qxc2+ 28.R1g2 Qd3 29.Qxd3
cxd3 30.Rd2 Reg8 31.Rg5 Rxg5 32.hxg5 Nf8 1/2-1/2

[Event "Cto de Aragon  Equipos Cat Preferente"]
[Site "Aragon"]
[Date "2010.03.06"]
[Round "7.39"]
[White "Artal Alegria Francisco Javier"]
[Black "Correas Marcen Jose Maria"]
[Result "0-1"]
[WhiteElo "1954"]
[BlackElo "1989"]

1.e4 d6 2.d4 Nf6 3.Bd3 e5 4.Ne2 exd4 5.Nxd4 Be7 6.O-O O-O 7.Nf5 Bxf5 8.exf5
Nc6 9.c3 Qd7 10.f4 d5 11.Nd2 d4 12.Nf3 dxc3 13.Ne5 Qd4+ 14.Kh1 cxb2 15.Bxb2
Qxb2 16.Qe1 Bb4 17.Qg3 Bd6 18.Ng4 Nxg4 19.Qxg4 Qf6 20.Qh3 Bxf4 21.Rae1 Bh6 22.
g4 Rfe8 23.Be4 Rad8 24.Rg1 Bd2 25.Re2 Qg5 26.f6 g6 27.Rd1 Qxf6 28.Rf1 Qd4 29.
Qg2 Ba5 30.Qf3 Rf8 31.h4 Bb6 32.h5 Rd6 33.hxg6 hxg6 34.Qh3 Qg7 35.Rh2 Re8 36.
Bc2 Nd4 37.Bd3 Nc6 38.Bc4 Ne5 39.Bb3 Rd3 40.Qg2 Rxb3 41.axb3 c6 42.g5 Nd7 43.
Qh3 Nf8 44.Qh4 Qe5 45.Rh3 Qd5+ 46.Rff3 Re3 47.Kg2 Rxb3 48.Qg4 Ne6 49.Kh2 Rxf3
50.Rxf3 Qxg5 51.Qe4 Qg1+ 0-1

[Event "Cto de Aragon  Equipos Cat Preferente"]
[Site "Aragon"]
[Date "2010.03.06"]
[Round "7.40"]
[White "Gimeno Garcia David"]
[Black "Querol Soro Sergio"]
[Result "1/2-1/2"]
[WhiteElo "1515"]
[BlackElo "1950"]

1.d4 Nf6 2.c4 g6 3.Nc3 d5 4.cxd5 Nxd5 5.e4 Nxc3 6.bxc3 c5 7.Bc4 Bg7 8.Ne2 O-O
9.O-O Nc6 10.Be3 cxd4 11.cxd4 b6 12.Bd5 Bb7 13.Rc1 Na5 14.Bxb7 Nxb7 15.Qa4 Nd6
16.f3 b5 17.Qa6 Qd7 18.Bf4 Rfd8 19.Rc6 Rac8 20.d5 Qb7 21.Qxb7 Nxb7 22.Rfc1 Nd6
23.Be3 a5 24.Bb6 Rxc6 25.dxc6 Rc8 26.c7 Nc4 27.Bd4 Rxc7 28.Bxg7 Kxg7 29.Nd4
1/2-1/2

[Event "Cto de Aragon  Equipos Cat Preferente"]
[Site "Aragon"]
[Date "2010.03.06"]
[Round "7.41"]
[White "Donoso Sanchez Alejandro"]
[Black "Hinojar Basa Alfonso"]
[Result "1/2-1/2"]
[WhiteElo "2111"]
[BlackElo "2223"]

1.e4 e6 2.d4 d5 3.Nd2 Nf6 4.e5 Nfd7 5.Bd3 c5 6.c3 Nc6 7.Ne2 cxd4 8.cxd4 Qb6 9.
Nf3 f6 10.Nf4 fxe5 11.Nxe5 Ndxe5 12.dxe5 Bb4+ 13.Kf1 Nxe5 14.Qh5+ Nf7 15.Be3
Bc5 16.Bxc5 Qxc5 17.Re1 g6 18.Qxd5 Qxd5 19.Nxd5 Kd8 20.Nc3 Bd7 21.Bc4 Re8 22.
Ne4 Ke7 23.b4 Nd6 24.Nxd6 Kxd6 25.Rd1+ Ke7 26.Ke2 Rac8 27.Rxd7+ Kxd7 28.Bb5+
Ke7 29.Bxe8 Kxe8 30.Kd3 Ke7 31.Re1 Rd8+ 32.Kc3 Rc8+ 33.Kb3 Rd8 34.Re2 Rd1 35.
Re3 Rd2 36.Rh3 h5 37.Rg3 Kf6 38.Rf3+ Ke7 39.h4 e5 40.a3 Ke6 41.Rf8 Rd7 42.Rf3
Rd4 43.g3 Rd7 44.Kc3 Rc7+ 45.Kb3 Rd7 46.a4 Rd1 47.Rf8 1/2-1/2

[Event "Cto de Aragon  Equipos Cat Preferente"]
[Site "Aragon"]
[Date "2010.03.06"]
[Round "7.42"]
[White "Sebastian Bespin Ruben"]
[Black "Sanmiguel Mateo Luis"]
[Result "1-0"]
[WhiteElo "2106"]
[BlackElo "1968"]

1.e4 c6 2.d4 d5 3.e5 c5 4.Nf3 Nc6 5.Be2 cxd4 6.O-O Bg4 7.Nxd4 Bxe2 8.Nxe2 Nxe5
9.Nbc3 e6 10.Nf4 Nf6 11.Re1 Bd6 12.Nfxd5 Nxd5 13.Nxd5 exd5 14.f4 O-O 15.fxe5
Bc5+ 16.Kh1 Re8 17.Bf4 Qd7 18.Qf3 Qc6 19.Rad1 Rad8 20.Rd3 Bb6 21.Rf1 Rd7 22.
Qg4 Qe6 23.Qh5 Bc7 24.Rh3 Qg6 25.Qe2 Rde7 26.Rg3 Qe6 27.Qd3 Bxe5 28.Re3 Qd6
29.Rh3 Qg6 30.Bxe5 Qxd3 31.Rxd3 Rxe5 32.Kg1 Re2 33.Rxd5 Rxc2 34.Rfd1 Rxb2 35.
R1d2 Rb1+ 36.Kf2 g6 37.Rd7 Re6 38.Rc7 a6 39.Kg3 b5 40.h4 h5 41.Rf2 f5 42.Rd2
Re3+ 43.Kf4 Re8 44.Kg5 Rb4 45.Rdd7 Rc4 46.Rg7+ Kh8 47.Rh7+ Kg8 48.Rcg7+ Kf8
49.Kh6 1-0

[Event "Cto de Aragon  Equipos Cat Preferente"]
[Site "Aragon"]
[Date "2010.03.06"]
[Round "7.43"]
[White "Muniz Vicente Juan Luis"]
[Black "Sancho Cortes Miguel Angel"]
[Result "0-1"]
[WhiteElo "1862"]
[BlackElo "2082"]

1.c4 f5 2.g3 Nf6 3.Bg2 g6 4.Nc3 Bg7 5.Qb3 c6 6.Nh3 Na6 7.O-O e5 8.d3 d6 9.Be3
Qe7 10.Qa4 O-O 11.Bg5 Nc5 12.Qc2 a5 13.a3 Ne6 14.Bxf6 Bxf6 15.e3 Bg7 16.Rae1
Qf6 17.f4 Bd7 18.fxe5 dxe5 19.Nf2 Qg5 20.Nh3 Qe7 21.Na4 Rad8 22.c5 Be8 23.b4
axb4 24.axb4 Bf7 25.Nb6 Nc7 26.Nc4 Nb5 27.Rd1 Ra8 28.Rfe1 Na3 29.Nxa3 Rxa3 30.
d4 exd4 31.exd4 Bxd4+ 32.Kh1 Qf6 33.Rd3 Ra2 34.Qd1 Ra1 35.Qd2 Rxe1+ 36.Qxe1
Ra8 37.Nf4 Ra2 38.Bf3 Be5 39.Ne2 Bc4 40.Rd2 Ra3 41.Kg2 Re3 42.Qd1 Bc7 43.Rd7
Re7 44.Rd4 Bxe2 45.Qb3+ Kg7 46.Bxe2 Qxd4 0-1

[Event "Cto de Aragon  Equipos Cat Preferente"]
[Site "Aragon"]
[Date "2010.03.06"]
[Round "7.44"]
[White "Ruiperez Gumiel Ramon"]
[Black "Juni Pardos Marcos"]
[Result "1-0"]
[WhiteElo "1878"]
[BlackElo "1820"]

1.e4 d5 2.exd5 Qxd5 3.Nc3 Qa5 4.d4 Nf6 5.Nf3 Bg4 6.h3 Bxf3 7.Qxf3 c6 8.Bd3 e6
9.O-O Bd6 10.Bh6 O-O 11.Ne4 Be7 12.Bd2 Qb6 13.a3 Nbd7 14.c4 Qxd4 15.Bc3 Qb6
16.Rad1 Rfd8 17.b4 Qc7 18.Rfe1 Ne8 19.Qh5 g6 20.Qh6 Bf8 21.Qh4 Bg7 22.Bxg7
Kxg7 23.Ng5 Nef6 24.Rxe6 h6 25.Re7 hxg5 26.Qxg5 Re8 27.Qxg6+ Kh8 28.Rxf7 1-0